000 01667nam0a2200361 4500
001 RU\NLR\BIBL_A\022275111
005 20260327191021.0
010 _a978-5-91155-278-7
_9500
021 _aRU
_bКН-П-24-029416
_9КН-П-24-2993
035 _a(NLR Aleph) 022275111
090 _a13646713
_c13646713
100 _a20240709d2024 k y0rusy50 ca
101 0 _arus
_deng
102 _aRU
105 _aa z 000yy
181 0 _ai3
_baxxe
182 0 _an
200 1 _aРешение задач математических бильярдов. Следствия
_eмонография
_fГ. С. Мельников
203 _aТекст
_bвизуальный
_cнепосредственный
210 _aСанкт-Петербург
_cИздательско-полиграфическая ассоциация высших учебных заведений
_d2024
215 _a297 с.
_cил., табл.
_d29
300 _aРез. англ.
320 _aБиблиогр. в конце глав
606 1 _aСвет
_xРаспространение в неоднородных средах
_91629663
_3RU\NLR\AUTH\661018013
606 1 _aПространство и время
_92173538
_3RU\NLR\AUTH\661307338
606 1 _aБильярд
_xМатематическая теория
_91174053
_3RU\NLR\AUTH\66153904
686 1 _aВ31
686 1 _aВ343.2
700 1 _7ca
_8rus
_aМельников
_bГ. С.
_cспециалист в области фрактальной оптики
_f1942-
_gГеннадий Семенович
_9270333
_3RU\NLR\AUTH\770270389
942 _cBOOK
980 _aNB